Nuevas siluetas para una historia de los derechos humanos / (Registro nro. 7271)
[ vista simple ]
| 000 -LEADER | |
|---|---|
| fixed length control field | 01752nam a22002537a 4500 |
| 003 - CONTROL NUMBER IDENTIFIER | |
| control field | OSt |
| 005 - DATE AND TIME OF LATEST TRANSACTION | |
| control field | 20210222104627.0 |
| 008 - FIXED-LENGTH DATA ELEMENTS--GENERAL INFORMATION | |
| fixed length control field | 210222b ||||| |||| 00| 0 eng d |
| 020 ## - INTERNATIONAL STANDARD BOOK NUMBER | |
| International Standard Book Number | 9589353002 |
| Qualifying information | Serie |
| 020 ## - INTERNATIONAL STANDARD BOOK NUMBER | |
| International Standard Book Number | 9589353037 |
| Qualifying information | Volumen |
| 040 ## - CATALOGING SOURCE | |
| Original cataloging agency | CO-JMCR |
| Transcribing agency | CO-JMCR |
| 041 0# - LANGUAGE CODE | |
| Language code of text/sound track or separate title | spa |
| 082 04 - DEWEY DECIMAL CLASSIFICATION NUMBER | |
| Classification number | 323.409861 / |
| Item number | M183n |
| Edition number | 23 |
| 100 1# - MAIN ENTRY--PERSONAL NAME | |
| Personal name | Madrid-Malo Garizábal, Mario, |
| Relator term | autor |
| 9 (RLIN) | 10219 |
| 245 10 - TITLE STATEMENT | |
| Title | Nuevas siluetas para una historia de los derechos humanos / |
| Statement of responsibility, etc. | Mario Madrid-Malo Garizábal |
| 260 ## - PUBLICATION, DISTRIBUTION, ETC. | |
| Place of publication, distribution, etc. | Bogotá : |
| Name of publisher, distributor, etc. | Defensoría del Pueblo, |
| Date of publication, distribution, etc. | 1995 |
| 300 ## - PHYSICAL DESCRIPTION | |
| Extent | 379 páginas : |
| Other physical details | ilustraciones a blanco y negro ; |
| Dimensions | 23 cm. |
| 490 0# - SERIES STATEMENT | |
| Series statement | Textos de divulgación ; |
| Volume/sequential designation | 13 |
| 500 ## - GENERAL NOTE | |
| General note | Incluye índice onomástico y notas a pie de página |
| 504 ## - BIBLIOGRAPHY, ETC. NOTE | |
| Bibliography, etc. note | Bibliografía: páginas [369]-379 |
| 520 3# - SUMMARY, ETC. | |
| Summary, etc. | Este libro es continuación y complemento de otro publicado por la Defensoría del Pueblo en diciembre de 1993: Siluetas para una historia de los derechos humanos. Las nuevas siluetas resaltan aquellas figuras que a lo largo de los siglos se consagran al servicio de la dignidad humana o dieron con su propia inmolación, un testimonio inolvidable de fidelidad a los valores y principios en los cuales se apoya el respeto por el hombre. Muchas de estas Nuevas siluetas, como las trazadas en la obra anterior, introducen a los lectores en una crónica del horror y del sufrimiento. Quien abra este libro se paseará, con no poca estupefacción, por un reino sombrío de arbitrariedad y de injusticia donde autoridades de diversas épocas ejercen el poder en forma criminal o muestran una permisividad culpable frente a los autores de atropellos, desafueros y crímenes. |
| 650 14 - SUBJECT ADDED ENTRY--TOPICAL TERM | |
| Topical term or geographic name entry element | Derechos civiles |
| General subdivision | historia |
| Geographic subdivision | Colombia |
| 9 (RLIN) | 13748 |
| 942 ## - ADDED ENTRY ELEMENTS (KOHA) | |
| Source of classification or shelving scheme | Dewey Decimal Classification |
| Koha item type | Books |
| Withdrawn status | Lost status | Source of classification or shelving scheme | Damaged status | Not for loan | Collection code | Home library | Current library | Date acquired | Source of acquisition | Total Checkouts | Full call number | Barcode | Date last seen | Copy number | Price effective from | Koha item type |
|---|---|---|---|---|---|---|---|---|---|---|---|---|---|---|---|---|
| Dewey Decimal Classification | Non-fiction | Biblioteca Pública José María del Castillo y Rada | Biblioteca Pública José María del Castillo y Rada | 10/02/2020 | Donación | 323.409861 / M183n | 201810316 | 05/16/2024 | Ej.1 | 02/22/2021 | Books |